000 00873 a2200217 4500
999 _c8230
_d8230
020 _a0023506407
050 0 0 _aPN 4781 HAR 1992
100 1 _aHarriss, Julian
_eauthor
245 1 4 _aThe complete reporter :
_bfundamentals of news gathering, writing, and editing /
_cJulian Harriss, Kelly Leiter and Stanley Johnson
250 _a6th ed.
264 _aNew York :
_bMacmillan Publishing Company,
_c1992
300 _axiii, 562 p. :
_bill. ;
500 _aIncludes bibliographical references and index
504 _aIncludes bibliographical references and index
650 0 _aReporters and reporting
_xHandbooks, manuals, etc.
650 0 _aJournalism
_xAuthorship
_xHandbooks, manuals, etc.
650 0 _aReport writing
_xHandbooks, manuals, etc.
700 1 _aLeiter, Kelly.
_eauthor
700 1 _aJohnson, Stanley P.,
_eauthor
942 _2lcc
_cBK
_e6th ed.
_h4781
_iHAR
_kPN